000 00433nam a2200181Ia 4500
003 OSt
005 20260509110539.0
008 250729s2010 xx 000 0 und d
040 _cAL
041 _aeng
082 _a530.7 GOVS
100 _aGovt of Karnataka
_9231459
245 _aScience -part 1
260 _aBangalore
_bKarnataka Text Book Socity
_c2010
300 _a114p
650 _aScience
_9231460
942 _2ddc
_cBED
999 _c239292
_d239292